Formel 1: Teams aus Deutschland - Sudden Death - Statistiken

Allgemein
  • Dieses Quiz wurde 295 mal gespielt
  • Das Durchschnittsergebnis liegt bei 2 aus 9
Answers on the Grid
Answers color-coded by a green-red scale on the quiz's grid according to % correct below.
Mercedes
ATS
Kauhsen
Rial
Zakspeed
Porsche
VW/Audi
MBM
Sauber
Eifelland
Kurtis Kraft
Spyker
Veritas
BMW Sauber
Lola
Haas
Euro Brun
Prost
AMG
Irmscher
Continental
Tecno
Abt
Rosberg
Glock
Volkswagen
Sachs
Opel
Walter Wolf
AGS
 
Antwortstatistiken
Antwort % Korrekt
Mercedes
68%
BMW Sauber
56%
Porsche
43%
Zakspeed
20%
ATS
7%
Eifelland
7%
Rial
7%
Veritas
5%
Kauhsen
4%
Keine übereinstimmenden Quizze gefunden
Verteilung der Resultate
Anzahl Personen mit jedem Resultat
Perzentil nach korrekt beantworteten Fragen
Ihre Resultats-Entwicklung
Sie haben dieses Quiz noch nicht gespielt